000 00592nam a2200193Ia 4500
005 20250508164923.0
008 008 250505s9999 xx 000 0 eng d
037 _aDissertations
040 _aFEDL
_beng
_cFEDL
041 _aeng
_2eng
084 _a371.1, BHA/DI
_qFEDL
100 _aBhardwaj Vandana
245 0 _aGender, class and profession : A study of backgrounds and perceptions of teachers in Delhi schools
260 _c1996
300 _a105p.
546 _aM.Ed. Dissertation (Delhi University)
942 _cDIS
_h371.1, BHA/DI
999 _c1392029
_d1392029